LEADER 04458oas 2201669 a 450 001 9910134149403321 005 20251106213014.0 011 $a1930-3815 035 $a(DE-599)ZDB2064582-X 035 $a(OCoLC)48418629 035 $a(CONSER) 2001227349 035 $a(CKB)954921333016 035 $a(EXLCZ)99954921333016 100 $a20011114a19569999 sy a 101 0 $aeng 135 $aurbn||||||abp 135 $aurbn||||||ada 181 $ctxt$2rdacontent 182 $cc$2rdamedia 183 $acr$2rdacarrier 200 00$aAdministrative science quarterly 210 $aIthaca, N.Y. $cGraduate School of Business and Public Administration, Cornell University$d1956- 210 2 $aDec. 1984- ;$aNew York $cSamuel Curtis Johnson Graduate School of Management, Cornell University 210 2 $aNew York $cGraduate School of Management, Cornell University 210 3 $a[United Kingdom] $cSAGE Publications 215 $a1 online resource 300 $aRefereed/Peer-reviewed 300 $aSome issues also have a theme title. 311 08$a0001-8392 517 1 $aASQ 606 $aManagement$vPeriodicals 606 $aOrganization$vPeriodicals 606 $aPublic administration$vPeriodicals 606 $aOrganization 606 $aOrganization and Administration 606 $aGestion$vPe?riodiques 606 $aOrganisation$vPe?riodiques 606 $aAdministration publique (Science)$vPe?riodiques 606 $aOrganisation 606 $aOrganization$2fast$3(OCoLC)fst01047777 606 $aManagement$2fast$3(OCoLC)fst01007141 606 $aPublic administration$2fast$3(OCoLC)fst01081976 606 $aAdministratieve organisatie$2gtt 606 $aBestuurlijke informatieverzorging$2gtt 606 $abusiness organization$2ilot 606 $abusiness economics$2ilot 606 $aADMINISTRATIVE SCIENCES$2unbist 608 $aPeriodical. 608 $aFulltext. 608 $aInternet Resources. 608 $aPeriodicals. 608 $aperiodicals.$2aat 608 $aPeriodicals.$2fast 608 $aPeriodicals.$2lcgft 608 $aPe?riodiques.$2rvmgf 615 0$aManagement 615 0$aOrganization 615 0$aPublic administration 615 0$aOrganization. 615 2$aOrganization and Administration. 615 6$aGestion 615 6$aOrganisation 615 6$aAdministration publique (Science) 615 6$aOrganisation. 615 7$aOrganization. 615 7$aManagement. 615 7$aPublic administration. 615 17$aAdministratieve organisatie. 615 17$aBestuurlijke informatieverzorging. 615 17$abusiness organization. 615 17$abusiness economics. 615 17$aADMINISTRATIVE SCIENCES. 676 $a658.05 712 02$aCornell University.$bGraduate School of Business and Public Administration, 712 02$aCornell University.$bGraduate School of Management, 712 02$aJohnson Graduate School of Management (Cornell University), 801 0$bEYM 801 1$bEYM 801 2$bOCLCQ 801 2$bNSD 801 2$bKSU 801 2$bOCLCQ 801 2$bDLC 801 2$bWEA 801 2$bOCLCQ 801 2$bOCLCF 801 2$bOCL 801 2$bOCLCO 801 2$bOCLCQ 801 2$bDEBBG 801 2$bNLE 801 2$bGILDS 801 2$bOCLCO 801 2$bOCLCE 801 2$bREDDC 801 2$bFIE 801 2$bWT2 801 2$bAD# 801 2$bCASUM 801 2$bOCLCO 801 2$bU3W 801 2$bOCLCO 801 2$bOCLCQ 801 2$bOCLCO 801 2$bUKMGB 801 2$bOCLCO 801 2$bOCLCA 801 2$bCGU 801 2$bVT2 801 2$bOCLCO 801 2$bMUX 801 2$bLND 801 2$bOCLCO 801 2$bNJT 801 2$bUKBTH 801 2$bOCLCQ 801 2$bOCLCA 801 2$bCUI 801 2$bOCLCA 801 2$bDLC 801 2$bS2H 801 2$bDLC 801 2$bOCLCO 801 2$bOCLCQ 801 2$bOCLCO 801 2$bQGK 801 2$bOCLCO 801 2$bIOY 801 2$bEZC 801 2$bOCLCQ 801 2$bUBY 801 2$bSFB 801 2$bNTG 801 2$bORU 801 2$bAUD 801 2$bOCLCQ 801 2$bOCLCL 801 2$bOCLCQ 906 $aJOURNAL 912 $a9910134149403321 996 $aAdministrative science quarterly$9802321 997 $aUNINA